IMF Survey : Volume 28, Issue 03.

On January 22, the IMF announced that more than 85 percent of its members had consented to an increase in the IMF's quotas. The text of Press Release No. 99/4, issued on January 22, follows.

Chi tiết về thư mục
Tác giả của công ty: International Monetary Fund. External Relations Dept
Định dạng: Tạp chí
Ngôn ngữ:English
Được phát hành: Washington, D.C. : International Monetary Fund, 1999.
Loạt:IMF Survey; IMF Survey ; No. 0028/003
Truy cập trực tuyến:Full text available on IMF
LEADER 01204cas a2200241 a 4500
001 AALejournalIMF010449
008 230101c9999 xx r poo 0 0eng d
020 |c 5.00 USD 
020 |z 9781451936155 
022 |a 0047-083X 
040 |a BD-DhAAL  |c BD-DhAAL 
110 2 |a International Monetary Fund.  |b External Relations Dept. 
245 1 0 |a IMF Survey :   |b Volume 28, Issue 03. 
264 1 |a Washington, D.C. :  |b International Monetary Fund,  |c 1999. 
300 |a 1 online resource (16 pages) 
490 1 |a IMF Survey 
500 |a <strong>Off-Campus Access:</strong> No User ID or Password Required 
500 |a <strong>On-Campus Access:</strong> No User ID or Password Required 
506 |a Electronic access restricted to authorized BRAC University faculty, staff and students 
520 3 |a On January 22, the IMF announced that more than 85 percent of its members had consented to an increase in the IMF's quotas. The text of Press Release No. 99/4, issued on January 22, follows. 
538 |a Mode of access: Internet 
830 0 |a IMF Survey; IMF Survey ;  |v No. 0028/003 
856 4 0 |z Full text available on IMF  |u http://elibrary.imf.org/view/journals/023/0028/003/023.0028.issue-003-en.xml  |z IMF e-Library